<?xml version="1.0" encoding="UTF-8"?>
<record
    xmlns:xsi="http://www.w3.org/2001/XMLSchema-instance"
    xsi:schemaLocation="http://www.loc.gov/MARC21/slim http://www.loc.gov/standards/marcxml/schema/MARC21slim.xsd"
    xmlns="http://www.loc.gov/MARC21/slim">

  <leader>00340nam a22001457a 4500</leader>
  <controlfield tag="003">SGT</controlfield>
  <datafield tag="020" ind1=" " ind2=" ">
    <subfield code="a">9788181913289</subfield>
  </datafield>
  <datafield tag="082" ind1=" " ind2=" ">
    <subfield code="a">617.643</subfield>
    <subfield code="b">T16G</subfield>
  </datafield>
  <datafield tag="100" ind1=" " ind2=" ">
    <subfield code="a">Gowri Sankar S</subfield>
  </datafield>
  <datafield tag="245" ind1=" " ind2=" ">
    <subfield code="a">Text Book Of Orthodontics</subfield>
  </datafield>
  <datafield tag="260" ind1=" " ind2=" ">
    <subfield code="a">NEW DELHI</subfield>
    <subfield code="b"> Paras Medical Publisher </subfield>
    <subfield code="c">2016</subfield>
  </datafield>
  <datafield tag="300" ind1=" " ind2=" ">
    <subfield code="a">788</subfield>
  </datafield>
  <datafield tag="650" ind1=" " ind2=" ">
    <subfield code="a">Orthodontics</subfield>
  </datafield>
  <datafield tag="942" ind1=" " ind2=" ">
    <subfield code="2">ddc</subfield>
    <subfield code="c">BK</subfield>
    <subfield code="0">61</subfield>
  </datafield>
  <datafield tag="952" ind1=" " ind2=" ">
    <subfield code="0">0</subfield>
    <subfield code="1">0</subfield>
    <subfield code="2">ddc</subfield>
    <subfield code="4">0</subfield>
    <subfield code="7">0</subfield>
    <subfield code="a">FD</subfield>
    <subfield code="b">FD</subfield>
    <subfield code="c">TXT</subfield>
    <subfield code="d">2018-06-13</subfield>
    <subfield code="e">ABC</subfield>
    <subfield code="g">1295.00</subfield>
    <subfield code="i">SGTU</subfield>
    <subfield code="l">93</subfield>
    <subfield code="o">617.643 T16G</subfield>
    <subfield code="p">FD7612</subfield>
    <subfield code="r">2026-05-27 15:02:22</subfield>
    <subfield code="s">2026-05-12</subfield>
    <subfield code="w">2018-05-15</subfield>
    <subfield code="y">BK</subfield>
    <subfield code="k">9730</subfield>
  </datafield>
  <datafield tag="952" ind1=" " ind2=" ">
    <subfield code="0">0</subfield>
    <subfield code="1">0</subfield>
    <subfield code="2">ddc</subfield>
    <subfield code="4">0</subfield>
    <subfield code="7">0</subfield>
    <subfield code="a">FD</subfield>
    <subfield code="b">FD</subfield>
    <subfield code="c">TXT</subfield>
    <subfield code="d">2018-06-13</subfield>
    <subfield code="e">ABC</subfield>
    <subfield code="g">1295.00</subfield>
    <subfield code="i">SGTU</subfield>
    <subfield code="l">61</subfield>
    <subfield code="o">617.643 T16G</subfield>
    <subfield code="p">FD7613</subfield>
    <subfield code="r">2026-05-20 00:00:00</subfield>
    <subfield code="s">2026-05-20</subfield>
    <subfield code="w">2018-05-15</subfield>
    <subfield code="y">BK</subfield>
    <subfield code="k">9730</subfield>
  </datafield>
  <datafield tag="952" ind1=" " ind2=" ">
    <subfield code="0">0</subfield>
    <subfield code="1">0</subfield>
    <subfield code="2">ddc</subfield>
    <subfield code="4">0</subfield>
    <subfield code="7">0</subfield>
    <subfield code="a">FD</subfield>
    <subfield code="b">FD</subfield>
    <subfield code="c">TXT</subfield>
    <subfield code="d">2018-06-13</subfield>
    <subfield code="e">ABC</subfield>
    <subfield code="g">1295.00</subfield>
    <subfield code="i">SGTU</subfield>
    <subfield code="l">105</subfield>
    <subfield code="o">617.643 T16G</subfield>
    <subfield code="p">FD7614</subfield>
    <subfield code="r">2026-03-31 00:00:00</subfield>
    <subfield code="s">2026-03-31</subfield>
    <subfield code="w">2018-05-15</subfield>
    <subfield code="y">BK</subfield>
    <subfield code="k">9730</subfield>
  </datafield>
  <datafield tag="952" ind1=" " ind2=" ">
    <subfield code="0">0</subfield>
    <subfield code="1">0</subfield>
    <subfield code="2">ddc</subfield>
    <subfield code="4">0</subfield>
    <subfield code="7">0</subfield>
    <subfield code="a">FD</subfield>
    <subfield code="b">FD</subfield>
    <subfield code="c">TXT</subfield>
    <subfield code="d">2018-06-13</subfield>
    <subfield code="e">ABC</subfield>
    <subfield code="g">1295.00</subfield>
    <subfield code="i">SGTU</subfield>
    <subfield code="l">100</subfield>
    <subfield code="m">1</subfield>
    <subfield code="o">617.643 T16G</subfield>
    <subfield code="p">FD7615</subfield>
    <subfield code="r">2026-04-24 00:00:00</subfield>
    <subfield code="s">2026-04-24</subfield>
    <subfield code="w">2018-05-15</subfield>
    <subfield code="y">BK</subfield>
    <subfield code="k">9730</subfield>
  </datafield>
  <datafield tag="952" ind1=" " ind2=" ">
    <subfield code="0">0</subfield>
    <subfield code="1">0</subfield>
    <subfield code="2">ddc</subfield>
    <subfield code="4">0</subfield>
    <subfield code="7">0</subfield>
    <subfield code="a">FD</subfield>
    <subfield code="b">FD</subfield>
    <subfield code="c">TXT</subfield>
    <subfield code="d">2018-06-13</subfield>
    <subfield code="e">ABC</subfield>
    <subfield code="g">1295.00</subfield>
    <subfield code="i">SGTU</subfield>
    <subfield code="l">45</subfield>
    <subfield code="o">617.643 T16G</subfield>
    <subfield code="p">FD7616</subfield>
    <subfield code="r">2026-05-20 00:00:00</subfield>
    <subfield code="s">2026-05-18</subfield>
    <subfield code="w">2018-05-15</subfield>
    <subfield code="y">BK</subfield>
    <subfield code="k">9730</subfield>
  </datafield>
  <datafield tag="999" ind1=" " ind2=" ">
    <subfield code="c">15547</subfield>
    <subfield code="d">15547</subfield>
  </datafield>
</record>
